| 000 | 00852nam a2200289 a 4500 | ||
|---|---|---|---|
| 001 | 200448509 | ||
| 003 | TR-AnTOB | ||
| 005 | 20240731144120.0 | ||
| 007 | ta | ||
| 008 | 220408b1975 nyuad|| |||| 001 0 tur d | ||
| 020 | _a0471906166 | ||
| 040 |
_aİSKENDERUN _beng _erda _cİSKENDERUN _dTR-AnTOB |
||
| 041 | 0 | _aeng | |
| 050 | 0 | 0 | _aTN690 |
| 090 | 0 | 0 |
_aTN690 _b.V46 1975 |
| 100 |
_aVerhoeven, John D., _d1934- _925570 |
||
| 245 | 1 | 0 |
_aFundamentals of physical metallurgy / _cJohn D. Verhoeven. |
| 264 | 1 |
_aNew York : _bWiley, _c1975. |
|
| 300 |
_axiii, 567 pages : _billustrations, graphics ; _c23 cm. |
||
| 336 |
_atext _btxt _2rdacontent |
||
| 337 |
_aunmediated _bn _2rdamedia |
||
| 338 |
_avolume _bnc _2rdacarrier |
||
| 504 | _aBIBINDX | ||
| 650 | 0 |
_aPhysical metallurgy _921934 |
|
| 942 |
_2lcc _cBK |
||
| 999 |
_c200448509 _d66721 |
||